000 00316pab a2200133 454500
008 180718b1999 xxu||||| |||| 00| 0 eng d
245 _aSPECIAL issue: discourse and urban change
260 _c1999
300 _ap.7-213
362 _aJan
650 _aUrban development
773 _aUrban Studies
909 _a41225
999 _c41225
_d41225